000 00488nam a2200181Ia 4500
005 20250326141530.0
008 250326s9999 xx 000 0 und d
037 _aTextbook
040 _aFMSL
_beng
_cFMSL
041 _aeng
_2eng
084 _qFMSL
100 _aLane L M
_9744655
245 0 _aHuman resources crisis in the public sector
_cLane L M; Wolf J F
260 _aNew York
_bNew York, Quorum Books
_c1990
300 _a240p
942 _cTB
999 _c1290744
_d1290744